El Cuerpo a Cuerpo con la Madre - el Otro Género de la Naturaleza - Modo de Sentir /
Luce Irigaray, escritora y psicoanalista, nos presenta tres ensayos sobre la otra sexualidad: la sexualidad de la mujer, que es diferente pero no mejor ni peor que la del hombre, sin embargo va más lejos que los modelos impuestos por la ideología dominante, basados en la violencia y la pornografía.
保存先:
| 第一著者: | |
|---|---|
| フォーマット: | 図書 |
| 言語: | スペイン語 |
| 出版事項: |
Barcelona, España :
La Sal, Edicions de les Dones,
1985
|
| シリーズ: | (Cuadernos Inacabados ;
5) |
| 主題: | |
| タグ: |
タグなし, このレコードへの初めてのタグを付けませんか!
|
MARC
| LEADER | 00000nam^a2200000^a^4500 | ||
|---|---|---|---|
| 001 | 000019741 | ||
| 005 | 20250521000000.0 | ||
| 009 | 20260526113620.234 | ||
| 020 | |a 84-85627-29-6 | ||
| 037 | |a Acervo ITESO - Biblioteca | ||
| 041 | |a ESP | ||
| 082 | |a 155. 4662 |b IRI | ||
| 100 | |a Irigaray, Luce |e (autor) | ||
| 245 | 1 | 3 | |a El Cuerpo a Cuerpo con la Madre - el Otro Género de la Naturaleza - Modo de Sentir / |c L. Irigaray; tr. por: Mireia Bonfil; Anna Carvallo. |
| 264 | 1 | |a Barcelona, España : |b La Sal, Edicions de les Dones, |c 1985 | |
| 300 | |a 53 p. | ||
| 336 | |a texto |b txt |2 rdacontenido | ||
| 337 | |a sin mediación |b n |2 rdamedio | ||
| 338 | |a volumen |b nc |2 rdasoporte | ||
| 440 | 1 | |a (Cuadernos Inacabados ; |v 5) | |
| 500 | |a Traducción de: Le Corps-a-Corps avec la Mére-L'autre de la Nature-Un Autre Mode de Sentir | ||
| 520 | |a Luce Irigaray, escritora y psicoanalista, nos presenta tres ensayos sobre la otra sexualidad: la sexualidad de la mujer, que es diferente pero no mejor ni peor que la del hombre, sin embargo va más lejos que los modelos impuestos por la ideología dominante, basados en la violencia y la pornografía. | ||
| 649 | |a XX | ||
| 650 | |a Psicoanálisis | ||
| 650 | |a Psicoanálisis | ||
| 650 | |a Psicología | ||
| 910 | |a Fondo General | ||
| 920 | |a Impresos - Libros | ||
| 930 | |a Colección General | ||
| 905 | |a 101 | ||
| 901 | |a 0197410100 |b IT1 |c ACC |i 019741 |u 20250521 | ||
| 902 | |a https://opac.biblio.iteso.mx/vufind/Record/000019741 | ||